000 00714nam a2200181Ia 4500
008 090123s9999 xx 000 0 und d
082 _b23136
100 _aधर्माधिकारी चंद्रशेखर शंकर
245 _aमंजिल दूरच राहिली
250 _a1
260 _bमंजुल प्रकाशन
_c1993
300 _a159
600 _aधर्माधिकारी चंद्रशेखर शंकर
630 _aमंजिल दूरच राहिली
700 _aधर्माधिकारी चंद्रशेखर शंकर
730 _aमंजिल दूरच राहिली
942 _cBOOK
999 _c61208
_d61208